Russia - Federal Subjects (Color Coded) - Map Quiz - Statistics

General Stats
  • This quiz has been taken 27 times
  • The average score is 27 of 83
Answers on the Map
Answers color-coded by a green-red scale on the quiz's map according to % correct below.
 
Answer Stats
Answer % Correct
Karelia
67%
Moscow Oblast
58%
Nenets Autonomous Okrug
58%
Saint Petersburg
58%
Adygea
50%
Arkhangelsk Oblast
50%
Buryatia
50%
Dagestan
50%
Irkutsk Oblast
50%
Kaliningrad Oblast
50%
Kamchatka Krai
50%
Leningrad Oblast
50%
Moscow
50%
Murmansk Oblast
50%
Sakha
50%
Tuva
50%
Volgograd Oblast
50%
Chechnya
42%
Chukotka Autonomous Okrug
42%
Ingushetia
42%
Kabardino-Balkaria
42%
Kalmykia
42%
Krasnoyarsk Krai
42%
Magadan Oblast
42%
North Ossetia–Alania
42%
Primorsky Krai
42%
Rostov Oblast
42%
Sakhalin Oblast
42%
Stavropol Krai
42%
Sverdlovsk Oblast
42%
Tatarstan
42%
Altai Republic
33%
Amur Oblast
33%
Astrakhan Oblast
33%
Bashkortostan
33%
Chelyabinsk Oblast
33%
Khabarovsk Krai
33%
Khakassia
33%
Khanty-Mansi Autonomous Okrug
33%
Komi Republic
33%
Krasnodar Krai
33%
Mari El
33%
Omsk Oblast
33%
Orenburg Oblast
33%
Perm Krai
33%
Pskov Oblast
33%
Tomsk Oblast
33%
Vologda Oblast
33%
Yamalo-Nenets Autonomous Okrug
33%
Zabaykalsky Krai
33%
Altai Krai
25%
Belgorod Oblast
25%
Bryansk Oblast
25%
Chuvashia
25%
Ivanovo Oblast
25%
Jewish Autonomous Oblast
25%
Karachay-Cherkessia
25%
Kirov Oblast
25%
Kursk Oblast
25%
Mordovia
25%
Nizhny Novgorod Oblast
25%
Novgorod Oblast
25%
Novosibirsk Oblast
25%
Smolensk Oblast
25%
Tver Oblast
25%
Tyumen Oblast
25%
Kostroma Oblast
17%
Ryazan Oblast
17%
Samara Oblast
17%
Saratov Oblast
17%
Udmurtia
17%
Vladimir Oblast
17%
Voronezh Oblast
17%
Yaroslavl Oblast
17%
Kaluga Oblast
8%
Kurgan Oblast
8%
Lipetsk Oblast
8%
Oryol Oblast
8%
Penza Oblast
8%
Tula Oblast
8%
Kemerovo Oblast
0%
Tambov Oblast
0%
Ulyanovsk Oblast
0%
No matching quizzes found
Score Distribution
Percent of People with Each Score
Percentile by Number Answered
Your Score History
You have not taken this quiz